000 00712nam a2200229Ia 4500
003 OSt
005 20220923221555.0
006 a|||||r|||| 00| 0
007 ta
008 220922b |||||||| |||| 00| 0 hin d
024 _a198,302
037 _cTextual
040 _aARTS
_cARTS
_bhin
041 _2hin
_ahin
082 _aP152:1, 152L0
100 _aमहरोत्रा, रमेश चन्द्र
245 0 _aहिन्दी ध्वनि की और ध्वनिमी
246 _aHindī dhvani kī aur dhvanimī
260 _c1970
942 _hP152:1, 152L0
_cTEXL
_2CC
999 _c350148
_d350148